000 00738nam a2200169 a 4500
001 000030451
005 20200930062323.0
008 110517s1988 dr 000 | spa d
040 _aDO-SdBNP
_bspa
_cBNPHU
082 _axxx
_bE53L
100 1 _aEmery, Miguel Ángel
_935950
245 1 3 _aLa ley no. 32-86 sobre derecho de autor y su inserción en el sistema legal de América Latina /
_cMiguel Ángel Emery.
260 _aSanto Domingo :
_bFeria Nacional del Libro Manuel Arturo Peña Batlle,
_c1988.
300 _a17 p. ;
_c21 cm.
500 _aConferencia dictada en la Universidad Nacional Pedro Henriquez Ureña en fecha 19 de septiembre de 1986 bajo los auspicios de la firma Kaplan-Ruffin-Vecchi y Heredia Bonetti.
049 _aBNPD
999 _c29943
_d29943